000 00813cem a22002415a 4500
001 L140391
008 070920r19811810xxk a 0 f eng u
035 _a(Sirsi) u140391
041 0 _aeng
110 2 _aLondon Topographical Society
_9106
245 0 4 _aThe 'Rhinebeck' panorama of London
_h[cartographic material]
250 _aFacsim.
255 _aScale not given
260 _aLondon
_bLondon Topographical Society
_c1981
300 _a6 p. + 4 plates
_bcol.
_c62 cm.
500 _aA facsimile of the original panorama of 1807-11.
500 _aIncludes an introduction by Ralph Hyde and keys by Peter Jackson.
651 4 _aLondon
690 _aENVIRONMENTAL AND LAND CONSULTANCY-GEOMATICS-MAPPING AND POSITIONING-CARTOGRAPHY
700 1 _aHyde, Ralph
700 1 _aJackson, Peter
942 _n0
999 _c116861
_d116861